| 000 | 00418nam a22001697a 4500 | ||
|---|---|---|---|
| 003 | OSt | ||
| 005 | 20260501152745.0 | ||
| 008 | 260501b |||||||| |||| 00| 0 eng d | ||
| 020 | _a9789391820800 | ||
| 082 | _a519.53 DAD | ||
| 100 | _aDABAS,Preeti | ||
| 245 | _aDescriptive and Inferential statistics Using R | ||
| 250 | _a1st Ed | ||
| 260 |
_aNew Delhi _bSultan Chand _c2024 |
||
| 300 | _a443p. | ||
| 942 |
_2ddc _cREF |
||
| 999 |
_c13942 _d13942 |
||